Jason Segel Filmography - Statistics

General Stats
  • This quiz has been taken 67 times
    18 since last reset
  • The average score is 13 of 49
Answer Stats
Type Year Name % Correct
TV Show 2005-2014 How I Met Your Mother
92%
Film 2007 Knocked Up
83%
Film 2008 Forgetting Sarah Marshall
75%
TV Show 1999-2000 Freaks and Geeks
75%
Film 2009 I Love You, Man
75%
Web Series 2023-Present Shrinking
75%
Film 2011 The Muppets
58%
TV Show 2011 Saturday Night Live
50%
Film 2010 Despicable Me
42%
Film 2014 Sex Tape
42%
Film 2012 The Five-Year Engagement
42%
Film 2012 This Is 40
42%
Film 2019 Our Friend
33%
Film 2015 The End of the Tour
33%
Film 2013 This Is the End
33%
Film 2011 Bad Teacher
25%
Film 1998 Can't Hardly Wait
25%
Film 2011 Jeff, Who Lives at Home
25%
Film 1998 Dead Man on Campus
17%
Film 2011 Friends with Benefits
17%
Film 2010 Gulliver's Travels
17%
Film 1998 SLC Punk!
17%
Film 2017 The Discovery
17%
TV Show 2018 The Late Show with Stephen Colbert
17%
TV Show 2001-2003 Undeclared
17%
Film 2022 Windfall
17%
TV Show 2022-2023 Winning Time: The Rise of the Lakers Dynasty
17%
Film 2003 11:14
8%
TV Show 2005 Alias
8%
TV Show 2012 American Idol
8%
Short Film 2006 Bye Bye Benjamin
8%
Film 2003 Certainly Not a Fairytale
8%
Film 2018 Come Sunday
8%
TV Show 2003 Cribs
8%
TV Show 2004-2005 CSI: Crime Scene Investigation
8%
TV Show 2020 Dispatches from Elsewhere
8%
TV Show 2009 Family Guy
8%
TV Pilot 2004 Harry Green and Eugene
8%
Web Mini-Series 2020 Home Movie: The Princess Bride
8%
Short Film 2011 Jason Segel & Paul Rudd Meet Rush
8%
Film 2004 LolliLove
8%
Short Film 2023 Mooned
8%
TV Pilot 2001 North Hollywood
8%
Film TBA Over Your Dead Body
8%
TV Show 2007, 2009 Reel Comedy
8%
Film 2002 Slackers
8%
Film TBA Sponsor
8%
Film 2005 The Good Humor Man
8%
Film 2022 The Sky Is Everywhere
8%
No matching quizzes found
Score Distribution
Percent of People with Each Score
Percentile by Number Answered
Your Score History
You have not taken this quiz since the last reset